| 000 | 01061nam a22002057a 4500 | ||
|---|---|---|---|
| 999 |
_c9040 _d9040 |
||
| 003 | AR-CdUCM | ||
| 008 | 190327b ||||| |||| 00| 0 spa d | ||
| 040 |
_aMUNICIPALIDAD PROVINCIAL DEL CUSCO _cBIBLIOTECA MUNICIPAL DEL CUSCO |
||
| 082 |
_24ed. _a030 / _bL12 |
||
| 245 |
_aLo que tú debes hacer : _bbreve enciclopédia de cultura general / |
||
| 260 |
_aEspaña : _bLabor, _c1960. |
||
| 300 |
_aXV ; 545 páginas ; _bláminas ; ilustraciones ; _c22 cm. |
||
| 500 | _aTapa smi-desprendida del resto del cuerpo | ||
| 505 | _aContenido : Esquema general de la cultura -- Estudio de la materia inanimada -- El sistema solar y el universo de las estrellas -- La ciencia de la vida -- Los pueblos actuales del mundo -- La filosofía -- Las grandes corrientes de la historia universal -- Teoría y práctica de la economía -- Historia del arte -- Literatura universal -- Breves nociones sobre el arte de la música. | ||
| 650 |
_aEnciclopedia _918075 |
||
| 650 |
_aCultura general _96239 |
||
| 710 |
_aEditorial Labor _925002 |
||
| 942 |
_2ddc _cLIBROS |
||
| 945 | _azta | ||